A discovery of many, great, and bloudy roberies : committed of late by dissolute and evill affected troopers, in severall places of this kingdome, but chiefly about the City of London. Since the late disbanding of the army in the north. With a relation of the times, places, and persons, on on [sic] whom these roberies were committed. Wherein is inserted the description of a bloudy combate, fought betweene 9 troopers and 6 butchers, meeting on the high-way, and what ensued. With divers other out-rages, and abuses, acted by them within this city.

Bibliographic Details
Format: eBook
Language:English
Published: Printed at London : for Iohn Thomas, 1641.
Series:Early English books online.
Subjects:
Online Access:Connect to the full text of this electronic book

MARC

Tag First Indicator Second Indicator Subfields
LEADER 00000nam a2200000 4500
001 in00004340513
005 20200812100329.0
006 m g d
007 cr bn |||a|bb|
008 851203s1641 enk o 00| | eng d
035 |a (UnM)99860162 
037 |a CL0051000001  |b ProQuest Information and Learning. 300 N. Zeeb Rd., Ann Arbor, MI 48106 
040 |a Cu-RivES  |c Cu-RivES  |d CStRLIN  |e dcrb  |d WaOLN 
245 0 2 |a A discovery of many, great, and bloudy roberies :  |b committed of late by dissolute and evill affected troopers, in severall places of this kingdome, but chiefly about the City of London. Since the late disbanding of the army in the north. With a relation of the times, places, and persons, on on [sic] whom these roberies were committed. Wherein is inserted the description of a bloudy combate, fought betweene 9 troopers and 6 butchers, meeting on the high-way, and what ensued. With divers other out-rages, and abuses, acted by them within this city. 
260 |a Printed at London :  |b for Iohn Thomas,  |c 1641. 
300 |a 1 online resource ([8] pages) 
336 |a text  |b txt  |2 rdacontent 
337 |a computer  |b c  |2 rdamedia 
338 |a online resource  |b cr  |2 rdacarrier 
500 |a Signatures: A⁴. 
500 |a Reproduction of the original in the British Library. 
510 4 |a Wing (2nd edition)  |c D1642. 
510 4 |a Thomason  |c E.172[25]. 
533 |a Electronic reproduction.  |b Ann Arbor, Mich. :  |c UMI,  |d 1999-  |f (Early English books online)  |n Digital version of: (Thomason Tracts ; 30:E172[25])  |7 s1999 miun s 
650 0 |a Robbery  |z England  |v Early works to 1800. 
650 0 |a Soldiers  |z England  |v Early works to 1800. 
650 0 |a Violence  |z England  |z London  |v Early works to 1800. 
651 0 |a London (England)  |x History  |y 17th century  |v Early works to 1800. 
830 0 |a Early English books online. 
856 4 0 |u http://proxy.library.tamu.edu/login?url=https://search.proquest.com/docview/2248510675  |z Connect to the full text of this electronic book  |t 0 
999 f f |s 1eb80b33-bcf6-31fc-8494-0a123a1fff62  |i 3b722631-8ce5-3ba2-b5ac-326c7199c1a8  |t 0 
952 f f |a Texas A&M University  |b College Station  |c Electronic Resources  |d Available Online  |t 0  |h No information provided 
998 f f |t 0  |l Available Online